LEADER 01701oas 2200613 a 450 001 9910895999203321 005 20260218111749.0 011 $a1929-6657 035 $a(DE-599)ZDB2895702-7 035 $a(OCoLC)60627365 035 $a(CONSER) 2013252072 035 $a(CKB)110978979589161 035 $a(DE-599)2895702-7 035 $a(EXLCZ)99110978979589161 100 $a20050614a19889999 sy 101 0 $aeng 135 $aurun||||||||| 181 $ctxt$2rdacontent 182 $cc$2rdamedia 183 $acr$2rdacarrier 200 14$aThe northern review 210 $aWhitehorse, Yukon $cNorthern Review Society 300 $aRefereed/Peer-reviewed 311 08$a0835-3433 607 $aNorthwest Territories$vPeriodicals 607 $aYukon$vPeriodicals 607 $aCanada, Northern$vPeriodicals 607 $aTerritoires du Nord-Ouest$vPe?riodiques 607 $aYukon$vPe?riodiques 607 $aCanada (Nord)$vPe?riodiques 607 $aNorthern Canada$2fast 607 $aNorthwest Territories$2fast$1https://id.oclc.org/worldcat/entity/E39QbtfRwYwWmTKfh9BCdY8DhB 607 $aYukon$2fast$1https://id.oclc.org/worldcat/entity/E39PBJqFJDgFyxkpQ9qmbjMHG3 608 $aPeriodicals.$2fast 676 $a971.9 712 02$aNorthern Review Society. 801 0$bOCLCS 801 1$bOCLCS 801 2$bOCLCQ 801 2$bWAU 801 2$bOCLCF 801 2$bOCLCQ 801 2$bOCLCA 801 2$bAU@ 801 2$bOCL 801 2$bOCLCQ 801 2$bOCLCO 801 2$bOCLCQ 801 2$bIOY 801 2$bOCLCL 906 $aJOURNAL 912 $a9910895999203321 996 $aThe northern review$92237869 997 $aUNINA